| 000 | 02241cam a2200481Ka 4500 | ||
|---|---|---|---|
| 001 | ocn775437987 | ||
| 003 | OCoLC | ||
| 005 | 20230823094707.0 | ||
| 006 | m o d | ||
| 007 | cr cn||||||||| | ||
| 008 | 120207s2012 njua o 000 0 eng d | ||
| 040 |
_aDG1 _beng _cDG1 _dYDXCP _dOCLCQ _dOCLCF _dOCLCO _dOCLCA _dOCLCQ _dDG1 |
||
| 020 |
_a9783527639496 _q(electronic bk.) |
||
| 020 |
_a3527639497 _q(electronic bk.) |
||
| 029 | 1 |
_aGBVCP _b790035766 |
|
| 029 | 1 |
_aNZ1 _b14696601 |
|
| 029 | 1 |
_aNZ1 _b15340961 |
|
| 035 | _a(OCoLC)775437987 | ||
| 037 |
_a10.1002/9783527639496 _bWiley InterScience _nhttp://www3.interscience.wiley.com |
||
| 050 | 4 |
_aTK2901 _b.E434 2012 |
|
| 082 | 0 | 4 |
_a621.3124 _222 |
| 049 | _aMAIN | ||
| 245 | 0 | 0 |
_aElectrochemical technologies for energy storage and conversion. _n[Volume 1 & 2] / _cedited by Ru-Shi Liu [and others]. |
| 260 |
_aHoboken : _bJohn Wiley & Sons, _c2012. |
||
| 300 |
_a1 online resource (791 pages) : _billustrations |
||
| 336 |
_atext _btxt _2rdacontent |
||
| 337 |
_acomputer _bc _2rdamedia |
||
| 338 |
_aonline resource _bcr _2rdacarrier |
||
| 520 | _aIn this handbook and ready reference, editors and authors from academia and industry share their in-depth knowledge of known and novel materials, devices and technologies with the reader. The result is a comprehensive overview of electrochemical energy and conversion methods, including batteries, fuel cells, supercapacitors, hydrogen generation and storage as well as solar energy conversion. Each chapter addresses electrochemical processes, materials, components, degradation mechanisms, device assembly and manufacturing, while also discussing the challenges and perspectives for each energy storage device. | ||
| 588 | 0 | _aPublisher website. | |
| 650 | 0 | _aEnergy storage. | |
| 650 | 0 | _aElectrochemistry. | |
| 650 | 4 | _aElectrical engineering. | |
| 650 | 4 | _aEngineering. | |
| 650 | 7 |
_aElectrochemistry. _2fast _0(OCoLC)fst00906371 |
|
| 650 | 7 |
_aEnergy storage. _2fast _0(OCoLC)fst00910245 |
|
| 655 | 4 | _aElectronic books. | |
| 700 | 1 | _aLiu, Ru-Shi. | |
| 710 | 2 | _aWiley InterScience (Online service) | |
| 856 | 4 | 0 |
_uhttp://dx.doi.org/10.1002/9783527639496 _zWiley Online Library |
| 994 |
_a92 _bDG1 |
||
| 999 |
_c18542 _d18501 |
||
| 526 | _bcse | ||